01807nam a2200301 a 4500001001500000003000400015005001700019008004100036020003500077020003000112040000900142050001100151082000800162100002900170245009800199250001200297260003200309300002100341520079300362650003101155650002801186700003001214700002501244856008201269942001201351999001901363952012301382ASIN0415415470OSt20180116192423.0140701s2011 xxu eng d a0415415470 (paperback)c$43.95 a9780415415477 (paperback) csada04aNA275004a7211 aSandaker, Bjorn N.9760214aThe structural basis of architecture /cBjorn N. Sandaker, Arne P. Eggen, Mark R. Cruvellier. a2nd ed. a[S.l.] :bRoutledge,c2011. a424 p. ;c28 cm. aThis is a book about structures that shows students how to "see" structures as integral to architecture, and how knowledge of structures is the basis for understanding both the mechanical and conceptual aspects inherent to the art of building. Analyzing the structural principles behind many of the best known works of architecture from past and present alike, this book places the subject within a contemporary context. The subject matter is approached in a qualitative and discursive manner, and is illustrated by many photographs of architectural projects and structural behaviour diagrams. This new edition is revised and updated throughout, includes worked-out examples, and is perfect as either an introductory structures course text or as a designer’s sourcebook for inspiration. 0aArchitectural design97603 0aStructural design976041 aCruvellier, Mark R.976051 aEggen, Arne P.97606403Amazon.comuhttp://www.amazon.com/exec/obidos/ASIN/0415415470/chopaconline-20 2ddccBK c353970d353970 00102ddc4070aSADAbSADAd2014-07-07l1o721 SAN 2011pSADA0002334r2016-02-04s2016-01-14v4420.56w2014-07-07yBK